00872nam a2200193Ia 4500008004100000020002500041040001400066082002000080110003200100245008900132250001200221260004700233300003400280650003700314942001200351999001100363952015200374952015200526190719s9999||||xx |||||||||||||| ||und|| a1870077725c£ 35.00 aIMU Kochi04a623.8886bR8124 aGreat Britain. bRoyal Navy 4aThe Naval Handbook for Ship Firefighters / cRoyal Navy, Government of Great Britain a8th ed. aLondon : bThe Nautical Institute , c2006 aii, 138 p.b : ill.c; 21 cm. aShipsxFires and fire prevention 2ddccBK c19d19 001040708NUTSaKObKOcREFd2017-04-29eSegment Book Distrubutersg3045.00o623.8886 R8124pBK003090r2019-07-19w2019-07-19yBKzShelf-4, Row-3 001040708NUTSaKObKOcREFd2017-04-29eSegment Book Distrubutersg3045.00o623.8886 R8124pBK003091r2019-07-19w2019-07-19yBKzShelf-4, Row-3